Sports Quiz

Random Sports or Country Quiz

Country by Soccer Teams Quiz Stats

 Plays Quiz Updated Jul 13, 2016

Score 0/20 Timer 04:00
31 Plays Today
Teams Country % Correct
Birmingham City, Stoke City, SunderlandEngland
99.3%
Real Sociedad, Osasuna, MallorcaSpain
98.2%
FSV Mainz 05, VfL Bochum, SC FreiburgGermany
93%
Chievo, Livorno, UdineseItaly
91.8%
FC Lorient, Montpellier HSC, ValenciennesFrance
91.2%
Sanfrecce Hiroshima, Yokohama F. Marinos, Kashima AntlersJapan
88.6%
Seattle Sounders, Columbus Crew, Colorado RapidsUnited States
88.3%
Shamrock Rovers, Bohemians, Bray WanderersRepublic of Ireland
87%
St. Mirren, Aberdeen, Dundee UnitedScotland
86.2%
Braga, Benfica, MarítimoPortugal
85.9%
Teams Country % Correct
Vélez Sársfield, Rosario Central, Boca JuniorsArgentina
85.6%
Olympiacos, Aris Thessaloniki, AtromitosGreece
83.6%
IF Elfsborg, Örgryte IS, Malmö FFSweden
81.8%
Central Coast Mariners, Newcastle Jets, Gold Coast UnitedAustralia
80.1%
Vasco da Gama, Fluminense, PalmeirasBrazil
79.3%
ADO Den Haag, Groningen, HeerenveenNetherlands
77.2%
América, Santos Laguna, Cruz AzulMexico
75.5%
Orlando Pirates, Kaizer Chiefs, Mamelodi SundownsSouth Africa
66.1%
Zamalek, Al Ahly, Haras El HedoodEgypt
57.3%
Viktoria Plzeň, Vysočina Jihlava, Zbrojovka BrnoCzechia
52.6%

You're not logged in!

Compare scores with friends on all Sporcle quizzes.
OR
Log In

Sporcle TV

Today on Sporcle TV


Watch our educational content, quiz creation guides, and fun videos on Sporcle TV.

Show Comments

Extras

Top Quizzes Today


Score Distribution

Your Account Isn't Verified!

In order to create a playlist on Sporcle, you need to verify the email address you used during registration. Go to your Sporcle Settings to finish the process.

Report this User

Report this user for behavior that violates our Community Guidelines.

Details: